<?xml version="1.0" encoding="UTF-8"?>
<collection xmlns="http://www.loc.gov/MARC21/slim">
 <record>
  <leader>06212nam a2200433 a 4500</leader>
  <controlfield tag="001">kal4828</controlfield>
  <controlfield tag="003">Gr-AtHEAL</controlfield>
  <controlfield tag="005">20160425081642.0</controlfield>
  <controlfield tag="006">m        d        </controlfield>
  <controlfield tag="008">160413s2015    gr      s           gre|c</controlfield>
  <datafield tag="020" ind1=" " ind2=" ">
   <subfield code="a">9789606034763</subfield>
  </datafield>
  <datafield tag="040" ind1=" " ind2=" ">
   <subfield code="a">GR-AtHEAL</subfield>
   <subfield code="b">gre</subfield>
   <subfield code="c">GR-AtHEAL</subfield>
  </datafield>
  <datafield tag="082" ind1="0" ind2="4">
   <subfield code="a">612.8</subfield>
   <subfield code="2">23</subfield>
  </datafield>
  <datafield tag="100" ind1="1" ind2=" ">
   <subfield code="a">Σιδηροπούλου, Κυριακή.</subfield>
   <subfield code="8">885</subfield>
  </datafield>
  <datafield tag="245" ind1="1" ind2="0">
   <subfield code="a">Βασικές αρχές λειτουργίας του νευρικού συστήματος</subfield>
   <subfield code="h">[Ηλεκτρονικός πόρος] </subfield>
   <subfield code="b">Από τη νευροφυσιολογία στη συμπεριφορά</subfield>
   <subfield code="c">Σιδηροπούλου, Κυριακή ; Κριτικός αναγνώστης,Καραγωγέως, Δόμνα.</subfield>
  </datafield>
  <datafield tag="260" ind1=" " ind2=" ">
   <subfield code="a">Αθήνα :</subfield>
   <subfield code="b">Σύνδεσμος Ελληνικών Ακαδημαϊκών Βιβλιοθηκών,</subfield>
   <subfield code="c">c2015.</subfield>
  </datafield>
  <datafield tag="490" ind1=" " ind2=" ">
   <subfield code="a">Ακαδημαϊκά Ηλεκτρονικά Συγγράμματα και Βοηθήματα Κάλλιπος</subfield>
   <subfield code="8">40</subfield>
  </datafield>
  <datafield tag="505" ind1="0" ind2=" ">
   <subfield code="a">Πίνακας περιεχομένωνΠίνακας συντομεύσεων-ακρωνύμια Πρόλογος Κεφάλαιο 1: Βασικές αρχές ανατομίας και οργάνωσης του νευρικού συστήματος Κεφάλαιο 2 - Ηλεκτροφυσιολογικές ιδιότητες Κεφάλαιο 3 - Συναπτική διαβίβαση Κεφάλαιο 4 - Βασικές αρχές οργάνωσης αισθητικών συστημάτων Κεφάλαιο 5 - Λειτουργία του οπτικού συστήματος Κεφάλαιο 6 - Το σωματοαισθητικό σύστημαΚεφάλαιο 7 - Το κινητικό σύστημα Κεφάλαιο 8 – Λειτουργίες μνήμης και μάθησης Κεφάλαιο 9 - Ανώτατες γνωστικές λειτουργίες Κεφάλαιο 10 -Το μεταιχμιακό σύστημα του εγκεφάλου Κεφάλαιο 11 - Νευροβιολογική βάση ψυχιατρικών ασθενειών Παράρτημα-Γλωσσάρι</subfield>
  </datafield>
  <datafield tag="520" ind1=" " ind2=" ">
   <subfield code="a">Η νευροβιολογία είναι μια πολυδιάστατη επιστήμη, στην οποία συνεισφέρουν πολλές ειδικότητες, όπως η μοριακή βιολογία, οι υπολογιστικές επιστήμες, η φυσιολογία, φαρμακολογία, φωτονική, φυσική και άλλες. Σκοπός αυτού του βιβλίου είναι να εισάγει τους φοιτητές/αναγνώστες σε κάποιες βασικές αρχές της νευροβιολογίας, να τους παρουσιάσει κάποιες καινοτόμες εξελίξεις που συμβαίνουν με πολύ γρήγορο ρυθμό, και να τους δώσει την ευκαιρία να εξερευνήσουν το χώρο των επιστημών που διέπουν τη νευροβιολογία από μόνοι τους μέσω μιας παρουσίασης και εργασίας που θα κάνουν. Το βιβλίο περιλαμβάνει την παρακάτω θεματολογία: Βασικές αρχές νευροανατομίας, είδη νευρώνων, φυσιολογικές ιδιότητες των νευρώνων, δίαυλοι ιόντων, δυναμικό ενεργείας, μετάδοση του δυναμικού ενεργείας, νευροδιαβιβαστές, μηχανισμός έκλυσης νευροδιαβιβαστή, υποδοχείς νευροδιαβιβαστών, συναπτικά δυναμικά, ολοκλήρωση συναπτικών δυναμικών, δομή και οργάνωση των αισθητικών συστημάτων, μετάδοση και επεξεργασία σωματοαισθητικών ερεθισμάτων, μετάδοση και επεξεργασία οπτικών ερεθισμάτων, αντίληψη οπτικών ερεθισμάτων, δημιουργία κινητικών προγραμμάτων, το σύστημα ανταμοιβής του εγκεφάλου με επίκεντρο τις δράσεις του νευροδιαβιβαστή ντοπαμίνη, νευροβιολογική βάση κινητικών παθήσεων, κυτταρικοί μηχανισμοί μνήμης και μάθησης, νευροβιολογική βάση ψυχιατρικών ασθενειών, όπως η σχιζοφρένεια, η κατάθλιψη, η διπολική διαταρραχή, και ο εθισμός, αλλά και νευρολογικών, όπως η επιληψία.</subfield>
  </datafield>
  <datafield tag="650" ind1=" " ind2="0">
   <subfield code="a">Central nervous system</subfield>
   <subfield code="x">Physiology</subfield>
   <subfield code="8">2363</subfield>
  </datafield>
  <datafield tag="650" ind1=" " ind2="0">
   <subfield code="a">Neuropsychology</subfield>
   <subfield code="8">2364</subfield>
  </datafield>
  <datafield tag="653" ind1=" " ind2=" ">
   <subfield code="a">Συναίσθημα</subfield>
  </datafield>
  <datafield tag="653" ind1=" " ind2=" ">
   <subfield code="a">Ψυχιατρικές ασθένειες</subfield>
  </datafield>
  <datafield tag="653" ind1=" " ind2=" ">
   <subfield code="a">Προσοχή</subfield>
  </datafield>
  <datafield tag="653" ind1=" " ind2=" ">
   <subfield code="a">Μνήμη εργασίας</subfield>
  </datafield>
  <datafield tag="653" ind1=" " ind2=" ">
   <subfield code="a">Μνήμη και μάθηση</subfield>
  </datafield>
  <datafield tag="653" ind1=" " ind2=" ">
   <subfield code="a">Κινητικό σύστημα</subfield>
  </datafield>
  <datafield tag="653" ind1=" " ind2=" ">
   <subfield code="a">Αισθητικά συστήματα</subfield>
  </datafield>
  <datafield tag="653" ind1=" " ind2=" ">
   <subfield code="a">Νευροαπεικόνιση</subfield>
  </datafield>
  <datafield tag="653" ind1=" " ind2=" ">
   <subfield code="a">Νευροβιολογία</subfield>
  </datafield>
  <datafield tag="653" ind1=" " ind2=" ">
   <subfield code="a">Επιστήμες της ζωής</subfield>
   <subfield code="a">Λειτουργική και οργανισμικη βιολογία</subfield>
   <subfield code="a">Φυσιολογία</subfield>
  </datafield>
  <datafield tag="653" ind1=" " ind2=" ">
   <subfield code="a">Επιστήμες της ζωής</subfield>
   <subfield code="a">Μοριακές βιοεπιστημες</subfield>
   <subfield code="a">Νευροεπιστήμες</subfield>
   <subfield code="a">Νευροφυσιολογία</subfield>
  </datafield>
  <datafield tag="653" ind1=" " ind2=" ">
   <subfield code="a">Επιστήμες της ζωής</subfield>
   <subfield code="a">Μοριακές βιοεπιστημες</subfield>
   <subfield code="a">Νευροεπιστήμες</subfield>
  </datafield>
  <datafield tag="700" ind1="1" ind2=" ">
   <subfield code="a">Καραγωγέως, Δόμνα</subfield>
   <subfield code="e">Κριτικός αναγνώστης</subfield>
   <subfield code="8">886</subfield>
  </datafield>
  <datafield tag="856" ind1="4" ind2="0">
   <subfield code="u">http://hdl.handle.net/11419/4828</subfield>
   <subfield code="z">Πλήρες Κείμενο - Full text</subfield>
  </datafield>
  <datafield tag="907" ind1=" " ind2=" ">
   <subfield code="a">.b25680420</subfield>
   <subfield code="b">12-06-18</subfield>
   <subfield code="c">29-07-16</subfield>
  </datafield>
  <datafield tag="949" ind1=" " ind2=" ">
   <subfield code="0">0</subfield>
   <subfield code="1">0</subfield>
   <subfield code="2">ddc</subfield>
   <subfield code="4">0</subfield>
   <subfield code="6">612_800000000000000_ΣΙΔ</subfield>
   <subfield code="7">0</subfield>
   <subfield code="8">KALL</subfield>
   <subfield code="8">801</subfield>
   <subfield code="d">2016-04-13</subfield>
   <subfield code="r">2016-04-13</subfield>
   <subfield code="w">2016-04-13</subfield>
   <subfield code="z">612.8 ΣΙΔ</subfield>
   <subfield code="o">SEAB KALLIPOS</subfield>
  </datafield>
  <datafield tag="998" ind1=" " ind2=" ">
   <subfield code="a">80</subfield>
   <subfield code="a">01</subfield>
   <subfield code="a">02</subfield>
   <subfield code="a">03</subfield>
   <subfield code="a">04</subfield>
   <subfield code="a">05</subfield>
   <subfield code="a">06</subfield>
   <subfield code="a">07</subfield>
   <subfield code="a">08</subfield>
   <subfield code="a">09</subfield>
   <subfield code="a">10</subfield>
   <subfield code="a">11</subfield>
   <subfield code="a">12</subfield>
   <subfield code="a">13</subfield>
   <subfield code="a">14</subfield>
   <subfield code="a">15</subfield>
   <subfield code="a">16</subfield>
   <subfield code="a">17</subfield>
   <subfield code="a">18</subfield>
   <subfield code="a">19</subfield>
   <subfield code="a">20</subfield>
   <subfield code="a">21</subfield>
   <subfield code="a">22</subfield>
   <subfield code="a">23</subfield>
   <subfield code="a">24</subfield>
   <subfield code="a">25</subfield>
   <subfield code="a">26</subfield>
   <subfield code="b">16-05-17</subfield>
   <subfield code="c">m</subfield>
   <subfield code="d">z  </subfield>
   <subfield code="e">-</subfield>
   <subfield code="f">gre</subfield>
   <subfield code="g">gr </subfield>
   <subfield code="h">0</subfield>
  </datafield>
  <datafield tag="942" ind1=" " ind2=" ">
   <subfield code="2">ddc</subfield>
   <subfield code="c">KALLIPOS</subfield>
  </datafield>
 </record>
</collection>
